Kritický stav z príbehov zdravotnej sestry

Bibliographic Details
Main Author: Heron, Echo (Author)
Other Authors: Kot, Jozef, 1936-2022 (Translator)
Format: Book
Language:Slovak
English
PhysicalDescription:335 s. 21 cm
Published: Bratislava Slovenský spisovateľ c1997
ISBN:8022007919
Subjects:

MARC

LEADER 00000cam a2200000 a 4500
001 vtls001293465
003 SK-MaSNL
005 20260301113607.0
008 251124s1997 xo gr 0000f slo
015 |a SNBA1997/1103177 
020 |a 8022007919 
035 |a SNK000245233 
035 |a urn:nbn:sk:snk-amkgjj 
035 |a urn:nbn:sk:snk-am008fyk 
035 |a E57177A9-818E-4318-847A-1B3C0B1BC197 
040 |a SNK  |b slo  |c SNK  |e AACR2 
041 1 |a slo  |h eng 
044 |a xo  |c SK 
072 7 |a 821.111(73)-3  |x Americká próza  |2 konspekt 
080 |a 821.111(73)-31  |2 2011 
100 1 |a Heron, Echo  |4 aut  |9 41368 
240 1 0 |a Condition critical  |l Slovensky 
245 1 0 |a Kritický stav  |b z príbehov zdravotnej sestry  |c Echo Heronová ; [z anglického originálu preložil Jozef Kot] 
260 |a Bratislava  |b Slovenský spisovateľ  |c c1997 
300 |a 335 s.  |c 21 cm 
500 |a Ilustr. na tit. strane 
655 7 |a americké romány  |2 SNKPH  |9 1174 
700 1 |a Kot, Jozef,  |d 1936-2022  |4 trl  |9 87654 
852 |a Slovenská národná knižnica 
919 |a 80-220-0791-9 
954 |a beletria cudzojazyčná (svetová)  |2 lita 
958 |a OND 
958 |a TL 
958 |a UP 
958 |a NS 
958 |a LX 
958 |a US 
968 |b ENG 
999 |c 714839  |d 716769 
952 |t P60, <09>, [BOOK], {629}  |a SNK  |b SNK  |y NEVYP  |7 0  |o snkC 1700  |i snk3269/970708  |0 0  |1 0  |4 0  |d 1997-07-07  |l 0  |r 2005-01-02 00:00:00  |w 2026-02-23 
952 |t P60, <03>, [BOOK], {603}  |a SNK  |b SNK  |y PREZ  |7 0  |p 17A0078455  |o snkSC 93597  |i snkKSP 7286/97  |0 0  |1 0  |4 0  |d 1997-07-07  |f 1  |l 0  |r 2025-09-11 00:00:00  |w 2026-02-23 
952 |t P60, <04>, [BOOK], {605}  |a SNK  |b SNK  |y VYP  |7 0  |p 17A0078454  |o snkSC 93597 D1  |i snkKSP 7287/97  |0 0  |1 0  |4 0  |d 1997-07-07  |l 0  |r 2005-01-02 00:00:00  |w 2026-02-23